[Event "CAN-ch 9899 U18"]
[Site "Vancouver CAN"]
[Date "1999.01.01"]
[Round "10"]
[White "Charbonneau, Pascal"]
[Black "Dutton, Warren"]
[Result "1-0"]
[WhiteElo "2270"]
[BlackElo "2025"]
[PlyCount "49"]
[GameId "2160767911805976"]
[EventDate "1998.12.27"]
[EventType "tourn"]
[EventRounds "11"]
[EventCountry "CAN"]
[SourceTitle "EXT 2002"]
[Source "ChessBase"]
[SourceDate "2001.11.25"]
[SourceVersion "1"]
[SourceVersionDate "2001.11.25"]
[SourceQuality "1"]

1. e4 c5 2. Nf3 Nc6 3. Nc3 g6 4. d4 cxd4 5. Nxd4 Bg7 6. Be3 d6 7. Qd2 Nf6 8. f3 h5 9. O-O-O a6 10. Nxc6 bxc6 11. e5 Nd5 12. Nxd5 cxd5 13. exd6 Rb8 14. Bd4 e5 15. Re1 Qxd6 16. f4 f6 17. fxe5 fxe5 18. Bxe5 Bxe5 19. Qf4 Be6 20. Qxe5 Qxe5 21. Rxe5 Rb6 22. Bd3 O-O 23. Bxg6 Rf2 24. Bxh5 Rxg2 25. Bf3 1-0

[Event "Premiere Neige"]
[Site "Montreal CAN"]
[Date "1998.11.21"]
[Round "2"]
[White "Charbonneau, Pascal"]
[Black "Linskiy, Oleg"]
[Result "1/2-1/2"]
[WhiteElo "2224"]
[BlackElo "2441"]
[PlyCount "71"]
[GameId "2160767911806064"]
[EventDate "1998.11.20"]
[EventType "swiss"]
[EventRounds "5"]
[EventCountry "CAN"]
[SourceTitle "FQE 08"]

1. e4 d6 2. d4 e5 3. Nf3 Nf6 4. Nc3 Nbd7 5. Bc4 Be7 6. O-O O-O 7. Re1 c6 8. a4 b6 9. d5 Bb7 10. dxc6 Bxc6 11. b3 Nc5 12. Bd5 Bxd5 13. exd5 Ne8 14. a5 bxa5 15. Be3 Rc8 16. Na4 Nd7 17. c4 Qc7 18. Nc3 a6 19. Ra3 h6 20. g4 f5 21. gxf5 Rxf5 22. Nd2 Rf7 23. Kh1 Nef6 24. Rg1 Kh8 25. Qc2 g5 26. Qg6 Rh7 27. Nde4 Rf8 28. Rg3 Nxe4 29. Nxe4 Nf6 30. Rf3 Nxe4 31. Qxe4 Rhf7 32. Rxf7 Rxf7 33. Qg6 Rf6 34. Qe8+ Rf8 35. Qg6 Rf6 36. Qe8+ 1/2-1/2

[Event "Premiere Neige"]
[Site "Montreal CAN"]
[Date "1998.11.22"]
[Round "4"]
[White "Schleifer, Michael"]
[Black "Charbonneau, Pascal"]
[Result "0-1"]
[WhiteElo "2424"]
[BlackElo "2284"]
[PlyCount "84"]
[GameId "2160767911806066"]
[EventDate "1998.11.20"]
[EventType "swiss"]
[EventRounds "5"]
[EventCountry "CAN"]
[SourceTitle "FQE 08"]

1. d4 d5 2. g3 Nf6 3. Bg2 g6 4. Nh3 Bg7 5. Nf4 c6 6. c3 O-O 7. Nd2 Nbd7 8. Nf3 Ne4 9. O-O a5 10. Nd3 a4 11. Ng5 Nd6 12. a3 e5 13. dxe5 Nxe5 14. Bf4 Ndc4 15. Nxe5 Bxe5 16. Bxe5 Nxe5 17. Qc1 Nc4 18. Re1 f5 19. Rd1 Ra5 20. Rd4 Re8 21. Bf3 h6 22. Nh3 g5 23. Qc2 Qf6 24. Bg2 Be6 25. Kh1 Bf7 26. Ng1 Kg7 27. Rad1 Bg6 28. Rf1 Rea8 29. Rfd1 Rb5 30. Rxc4 dxc4 31. Rd7+ Bf7 32. Qd2 Re8 33. Nf3 Rd5 34. Rxd5 Bxd5 35. Nd4 Bxg2+ 36. Kxg2 Qe5 37. e3 Kf6 38. Qd1 Qd5+ 39. Kg1 c5 40. Qxa4 Rd8 41. Nc2 Qd1+ 42. Kg2 g4 0-1

[Event "Premiere Neige"]
[Site "Montreal CAN"]
[Date "1998.11.22"]
[Round "5"]
[White "Charbonneau, Pascal"]
[Black "Mikanovic, Goran"]
[Result "1/2-1/2"]
[WhiteElo "2284"]
[BlackElo "2372"]
[PlyCount "95"]
[GameId "2160767911806067"]
[EventDate "1998.11.20"]
[EventType "swiss"]
[EventRounds "5"]
[EventCountry "CAN"]
[SourceTitle "FQE 08"]

1. e4 c5 2. Nf3 e6 3. d4 cxd4 4. Nxd4 a6 5. Bd3 b5 6. O-O Qb6 7. Nb3 Qc7 8. a4 b4 9. Be3 Nf6 10. N1d2 d5 11. exd5 Nxd5 12. Bd4 Nc6 13. Re1 Nxd4 14. Nxd4 Be7 15. Be4 Bb7 16. Qg4 O-O-O 17. c4 Nf6 18. Qxg7 Rhg8 19. Qxf7 Rxd4 20. Qxe6+ Kb8 21. Bxb7 Qxb7 22. Nf3 Qxf3 23. Qxg8+ Nxg8 24. gxf3 Rxc4 25. Re6 Kb7 26. Kh1 Rc6 27. Re4 Bc5 28. Rg1 Nf6 29. Rf4 Kb6 30. Rg5 Rd6 31. Rgf5 Nd5 32. Rh4 Bxf2 33. a5+ Kc6 34. Rc4+ Bc5 35. h4 Re6 36. Re4 Rd6 37. Re8 Kb5 38. b3 Bd4 39. Re4 Bc3 40. Rc4 Bf6 41. Rh5 Rd7 42. Kh2 Bd8 43. Rd4 Kc6 44. Rc4+ Kd6 45. Rd4 Kc6 46. Rc4+ Kb7 47. Rd4 Bc7+ 48. Kh1 1/2-1/2

[Event "Quebec-ch classe"]
[Site "Beloeil CAN"]
[Date "1998.10.12"]
[Round "3"]
[White "Mahabir, Hugh"]
[Black "Charbonneau, Pascal"]
[Result "1/2-1/2"]
[WhiteElo "2092"]
[BlackElo "2308"]
[PlyCount "45"]
[GameId "2160767911806249"]
[EventDate "1998.10.11"]
[EventType "swiss"]
[EventRounds "5"]
[EventCountry "CAN"]
[SourceTitle "EXT 2022"]
[Source "ChessBase"]
[SourceDate "2021.10.06"]
[SourceVersion "1"]
[SourceVersionDate "2021.10.06"]
[SourceQuality "1"]

1. e4 c5 2. c3 Nf6 3. e5 Nd5 4. d4 cxd4 5. Nf3 e6 6. Qxd4 Nc6 7. Qe4 f5 8. exf6 Nxf6 9. Qh4 e5 10. Bg5 d5 11. Bb5 Bd6 12. Nbd2 O-O 13. O-O e4 14. Bxc6 bxc6 15. Nd4 c5 16. Nc2 Qe8 17. Ne3 Ba6 18. Rfe1 Bb7 19. Nf5 Bc7 20. Nxg7 Kxg7 21. Qh6+ Kg8 22. Bxf6 Rf7 23. Qg5+ 1/2-1/2

[Event "North Bay int"]
[Site "North Bay CAN"]
[Date "1998.08.05"]
[Round "1"]
[White "Olson, David L"]
[Black "Charbonneau, Pascal"]
[Result "0-1"]
[WhiteElo "2135"]
[BlackElo "2270"]
[PlyCount "88"]
[GameId "2160767911806548"]
[EventDate "1998.08.05"]
[EventType "swiss"]
[EventRounds "9"]
[EventCountry "CAN"]
[SourceTitle "EXT 99"]
[Source "ChessBase"]
[SourceDate "1998.11.10"]
[SourceVersion "1"]
[SourceVersionDate "1998.11.10"]
[SourceQuality "1"]

1. e4 c5 2. Nf3 Nc6 3. Bb5 g6 4. O-O Bg7 5. Re1 Nf6 6. e5 Nd5 7. Nc3 Nxc3 8. dxc3 O-O 9. Qd5 Qb6 10. a4 a6 11. Bc4 Na5 12. Ba2 e6 13. Qd3 Qc7 14. Bg5 f6 15. exf6 Bxf6 16. Bxf6 Rxf6 17. Ng5 Rf5 18. Ne4 d5 19. Ng3 c4 20. Qe3 Rf7 21. b3 b5 22. h4 Bd7 23. h5 Raf8 24. hxg6 hxg6 25. Qg5 Kh7 26. axb5 axb5 27. bxc4 bxc4 28. Re5 Qd8 29. Ne4 Kg7 30. Qxd8 Rxd8 31. Nc5 Kf6 32. Rae1 Re7 33. f4 Bc8 34. Ne4+ Kg7 35. Ng5 Rd6 36. Kf2 Nc6 37. R5e3 Nd8 38. Rh3 Ra6 39. Bxc4 Ra4 40. Bxd5 Rxf4+ 41. Kg3 Rg4+ 42. Kxg4 exd5+ 43. Kf4 Rxe1 44. Rh7+ Kf6 0-1

[Event "North Bay int"]
[Site "North Bay CAN"]
[Date "1998.08.05"]
[Round "2"]
[White "Charbonneau, Pascal"]
[Black "Ivanov, Alexander"]
[Result "0-1"]
[WhiteElo "2270"]
[BlackElo "2510"]
[PlyCount "68"]
[GameId "2160767911806555"]
[EventDate "1998.08.05"]
[EventType "swiss"]
[EventRounds "9"]
[EventCountry "CAN"]
[SourceTitle "EXT 99"]
[Source "ChessBase"]
[SourceDate "1998.11.10"]
[SourceVersion "1"]
[SourceVersionDate "1998.11.10"]
[SourceQuality "1"]

1. e4 g6 2. d4 Bg7 3. Nc3 c6 4. Bc4 b5 5. Bb3 a5 6. a4 b4 7. Qf3 e6 8. Nce2 d5 9. e5 Ba6 10. h4 c5 11. c3 Nc6 12. h5 bxc3 13. hxg6 hxg6 14. Rxh8 Bxh8 15. bxc3 Rb8 16. Rb1 Bc4 17. Bxc4 Rxb1 18. Bb5 Qc7 19. Qd3 Rb3 20. Qh3 Bg7 21. Nf3 Rb1 22. Nd2 Rxc1+ 23. Nxc1 Kf8 24. Ncb3 cxd4 25. cxd4 Nxd4 26. f4 Nxb3 27. Nxb3 g5 28. fxg5 Qxe5+ 29. Kd1 Qxg5 30. Nxa5 Nf6 31. Nb3 Ne4 32. Qf3 Qe5 33. Bd3 Nc3+ 34. Kc2 Nxa4 0-1

[Event "North Bay int"]
[Site "North Bay CAN"]
[Date "1998.08.06"]
[Round "3"]
[White "Larochelle, Martial"]
[Black "Charbonneau, Pascal"]
[Result "0-1"]
[WhiteElo "2282"]
[BlackElo "2270"]
[PlyCount "74"]
[GameId "2160767911806596"]
[EventDate "1998.08.05"]
[EventType "swiss"]
[EventRounds "9"]
[EventCountry "CAN"]
[SourceTitle "EXT 99"]
[Source "ChessBase"]
[SourceDate "1998.11.10"]
[SourceVersion "1"]
[SourceVersionDate "1998.11.10"]
[SourceQuality "1"]

1. e4 c5 2. Nc3 Nc6 3. f4 a6 4. g3 b5 5. Bg2 e6 6. Nf3 Bb7 7. O-O b4 8. Ne2 Nf6 9. d3 Be7 10. h3 d5 11. e5 Nd7 12. d4 cxd4 13. Nexd4 Qc7 14. Be3 Nc5 15. Nxc6 Bxc6 16. Bd4 Ne4 17. g4 h5 18. Nd2 hxg4 19. Bxe4 dxe4 20. Qxg4 O-O-O 21. c3 bxc3 22. bxc3 e3 23. Nc4 Rh4 24. Nb6+ Kb8 25. Qg3 Bb7 26. Qxe3 Qc6 27. Kf2 Qg2+ 28. Ke1 Rxh3 29. Qe2 Qg3+ 30. Qf2 Rxd4 31. Qxg3 Re4+ 32. Kf2 Bc5+ 33. Kg2 Rxg3+ 34. Kxg3 Re3+ 35. Kg4 Bxb6 36. Rab1 Kc7 37. f5 exf5+ 0-1

[Event "North Bay int"]
[Site "North Bay CAN"]
[Date "1998.08.06"]
[Round "4"]
[White "Charbonneau, Pascal"]
[Black "Day, Lawrence"]
[Result "0-1"]
[WhiteElo "2270"]
[BlackElo "2355"]
[PlyCount "86"]
[GameId "2160767911806609"]
[EventDate "1998.08.05"]
[EventType "swiss"]
[EventRounds "9"]
[EventCountry "CAN"]
[SourceTitle "EXT 1999"]
[Source "ChessBase"]
[SourceDate "1998.11.10"]
[SourceVersion "1"]
[SourceVersionDate "1998.11.10"]
[SourceQuality "1"]

1. e4 g6 2. d4 Bg7 3. Nc3 c5 4. d5 d6 5. f4 Nf6 6. Nf3 O-O 7. Bc4 b5 8. Bxb5 Nxe4 9. Nxe4 Qa5+ 10. Nc3 Bxc3+ 11. bxc3 Qxb5 12. Kf2 Nd7 13. Re1 Re8 14. f5 Nf6 15. fxg6 hxg6 16. Bg5 Ba6 17. Nd2 Nh7 18. c4 Qb2 19. Be3 Qc3 20. Qe2 Nf6 21. Kg1 Nxd5 22. Bg5 Nf6 23. Rab1 Qxc2 24. Rb3 Nh7 25. Bh6 Bc8 26. Re3 e5 27. Qf3 Bf5 28. Rc3 e4 29. Qe3 Qxa2 30. h3 Qa4 31. g4 Bd7 32. Qf4 d5 33. Rf1 f6 34. g5 f5 35. h4 d4 36. Rh3 e3 37. h5 Qc6 38. hxg6 Qxg6 39. Nf3 Re4 40. Qc7 Qc6 41. Qh2 Rg4+ 42. Kh1 Re8 43. g6 Qxg6 0-1

[Event "North Bay int"]
[Site "North Bay CAN"]
[Date "1998.08.07"]
[Round "5"]
[White "Halldor, P."]
[Black "Charbonneau, Pascal"]
[Result "0-1"]
[WhiteElo "2145"]
[BlackElo "2270"]
[PlyCount "102"]
[GameId "2160767911806655"]
[EventDate "1998.08.05"]
[EventType "swiss"]
[EventRounds "9"]
[EventCountry "CAN"]
[SourceTitle "EXT 1999"]
[Source "ChessBase"]
[SourceDate "1998.11.10"]
[SourceVersion "1"]
[SourceVersionDate "1998.11.10"]
[SourceQuality "1"]

1. d4 d5 2. Nf3 Nf6 3. c4 dxc4 4. Nc3 a6 5. a4 Nc6 6. e3 e5 7. Bxc4 exd4 8. exd4 Be7 9. O-O O-O 10. Be3 Bg4 11. Be2 Nd5 12. h3 Be6 13. Nxd5 Bxd5 14. Rc1 Re8 15. Bc4 Bxc4 16. Rxc4 Qd5 17. Qc1 Bd6 18. Rd1 Rad8 19. Rc3 Nb4 20. Qb1 Qa5 21. Qa1 Qf5 22. Qb1 Qxb1 23. Rxb1 Nd5 24. Rd3 f6 25. Kf1 Kf7 26. Bd2 Re7 27. Re1 Rxe1+ 28. Kxe1 Re8+ 29. Kd1 b6 30. g3 g5 31. Bc3 h5 32. h4 g4 33. Nd2 b5 34. axb5 axb5 35. Nb3 f5 36. f4 gxf3 37. Rxf3 Kg6 38. Bd2 Re4 39. Rd3 Rg4 40. Be1 f4 41. gxf4 Nxf4 42. Re3 Ng2 43. Re6+ Kg7 44. Bf2 Nxh4 45. Nd2 Nf5 46. Nf3 Rf4 47. Ke2 h4 48. Re8 h3 49. Ra8 Rg4 50. Ne5 Nxd4+ 51. Bxd4 Rxd4 0-1

[Event "North Bay int"]
[Site "North Bay CAN"]
[Date "1998.08.07"]
[Round "6"]
[White "Djerkovic, Miladin"]
[Black "Charbonneau, Pascal"]
[Result "0-1"]
[WhiteElo "2265"]
[BlackElo "2270"]
[PlyCount "80"]
[GameId "2160767911806678"]
[EventDate "1998.08.05"]
[EventType "swiss"]
[EventRounds "9"]
[EventCountry "CAN"]
[SourceTitle "EXT 99"]
[Source "ChessBase"]
[SourceDate "1998.11.10"]
[SourceVersion "1"]
[SourceVersionDate "1998.11.10"]
[SourceQuality "1"]

1. e4 c5 2. Nf3 Nc6 3. d4 cxd4 4. Nxd4 e5 5. Nb5 d6 6. c4 Be7 7. N1c3 a6 8. Na3 Be6 9. Bd3 Bg5 10. O-O Bxc1 11. Qxc1 Nge7 12. Nc2 O-O 13. b4 Rc8 14. Qb2 Ng6 15. Ne3 Nf4 16. Rad1 Nd4 17. Ncd5 Nxd3 18. Rxd3 b5 19. cxb5 axb5 20. f4 f5 21. exf5 Bxd5 22. Nxd5 Rxf5 23. Ne3 Rf8 24. fxe5 dxe5 25. Rxf8+ Qxf8 26. Rd1 Qf4 27. Nd5 Qg5 28. Qa3 Rd8 29. Ne3 h5 30. h3 Qg3 31. Kh1 Rf8 32. Qc1 Rf2 33. Rf1 Re2 34. Qc8+ Kh7 35. Rf8 Rxe3 36. Rh8+ Kg6 37. Qe8+ Kg5 38. Qe7+ Kf4 39. Rf8+ Nf5 40. Rxf5+ Kxf5 0-1

[Event "North Bay int"]
[Site "North Bay CAN"]
[Date "1998.08.08"]
[Round "7"]
[White "Charbonneau, Pascal"]
[Black "Serper, Grigory"]
[Result "1/2-1/2"]
[WhiteElo "2270"]
[BlackElo "2535"]
[PlyCount "148"]
[GameId "2160767911806714"]
[EventDate "1998.08.05"]
[EventType "swiss"]
[EventRounds "9"]
[EventCountry "CAN"]
[SourceTitle "EXT 99"]
[Source "ChessBase"]
[SourceDate "1998.11.10"]
[SourceVersion "1"]
[SourceVersionDate "1998.11.10"]
[SourceQuality "1"]

1. e4 c5 2. Nf3 d6 3. d4 cxd4 4. Nxd4 Nf6 5. Nc3 Nc6 6. Bg5 e6 7. Qd2 a6 8. O-O-O h6 9. Be3 Be7 10. f3 Nxd4 11. Qxd4 b5 12. g4 Bb7 13. Rg1 d5 14. e5 Nd7 15. f4 Qc7 16. Ne2 Bc5 17. Qd2 Bxe3 18. Qxe3 g5 19. fxg5 hxg5 20. Qxg5 Rxh2 21. Qg8+ Nf8 22. Rg2 Rxg2 23. Bxg2 Qxe5 24. Rf1 O-O-O 25. Nf4 Nd7 26. Qh7 Qe3+ 27. Kb1 Ne5 28. Nd3 Nxd3 29. cxd3 Kb8 30. a3 Rd7 31. Rc1 Ka7 32. Bf1 Qe5 33. Qg8 Qf6 34. Qf8 Qe7 35. Qxe7 Rxe7 36. d4 f6 37. Re1 Kb6 38. Bd3 Bc8 39. Rf1 Rg7 40. Rf4 f5 41. gxf5 exf5 42. Kc2 Kc7 43. Kd2 Rg2+ 44. Kc3 Rg5 45. Kd2 Kd6 46. Ke3 Ke7 47. Be2 Rg3+ 48. Rf3 Rg6 49. Kf2 Rb6 50. Rc3 Bd7 51. Rc5 Rh6 52. Rxd5 Rh2+ 53. Ke1 Be6 54. Rc5 Kd6 55. a4 bxa4 56. Ra5 Bd7 57. Rxa6+ Kd5 58. Ra7 Be8 59. Re7 Bc6 60. Rc7 Kd6 61. Rf7 Be4 62. Ra7 f4 63. Rf7 Rh4 64. Bd1 Kd5 65. Rd7+ Ke6 66. Rd8 Rh1+ 67. Kd2 Rh2+ 68. Kc3 f3 69. Re8+ Kf5 70. Rf8+ Kg4 71. Bxa4 f2 72. Bb5 Bf5 73. Be2+ Kg5 74. Bd3 Bg4 1/2-1/2

[Event "North Bay int"]
[Site "North Bay CAN"]
[Date "1998.08.08"]
[Round "8"]
[White "Charbonneau, Pascal"]
[Black "Oratovsky, Michael"]
[Result "0-1"]
[WhiteElo "2270"]
[BlackElo "2465"]
[PlyCount "62"]
[GameId "2160767911806742"]
[EventDate "1998.08.05"]
[EventType "swiss"]
[EventRounds "9"]
[EventCountry "CAN"]
[SourceTitle "EXT 99"]
[Source "ChessBase"]
[SourceDate "1998.11.10"]
[SourceVersion "1"]
[SourceVersionDate "1998.11.10"]
[SourceQuality "1"]

1. e4 c5 2. Nf3 e6 3. d4 cxd4 4. Nxd4 a6 5. Bd3 g6 6. O-O Bg7 7. Nb3 Nc6 8. c4 Nge7 9. Nc3 O-O 10. f4 d5 11. e5 b6 12. cxd5 exd5 13. Qe2 f6 14. exf6 Bxf6 15. Rd1 Kh8 16. Bc4 Nb4 17. Be3 Bf5 18. Qf2 Nc2 19. Rac1 Nxe3 20. Qxe3 dxc4 21. Rxd8 Raxd8 22. Ne4 Nd5 23. Qf3 Bxe4 24. Qxe4 cxb3 25. axb3 Nxf4 26. g3 Bxb2 27. Rf1 Nh3+ 28. Kg2 Rd2+ 29. Kxh3 Rxf1 30. Qa8+ Kg7 31. Qxa6 Rff2 0-1

[Event "North Bay int"]
[Site "North Bay CAN"]
[Date "1998.08.09"]
[Round "9"]
[White "Saleh, Maher"]
[Black "Charbonneau, Pascal"]
[Result "1/2-1/2"]
[WhiteElo "2220"]
[BlackElo "2270"]
[PlyCount "74"]
[GameId "2160767911806792"]
[EventDate "1998.08.05"]
[EventType "swiss"]
[EventRounds "9"]
[EventCountry "CAN"]
[SourceTitle "EXT 99"]
[Source "ChessBase"]
[SourceDate "1998.11.10"]
[SourceVersion "1"]
[SourceVersionDate "1998.11.10"]
[SourceQuality "1"]

1. Nf3 Nf6 2. g3 b6 3. Bg2 Bb7 4. O-O e6 5. c4 c5 6. d4 cxd4 7. Qxd4 d6 8. Nc3 a6 9. b3 Nbd7 10. e4 Be7 11. Bb2 Qc7 12. Rac1 O-O 13. Qe3 Rfe8 14. h3 Rac8 15. Nd4 Bf8 16. Qd2 Qb8 17. f4 Qa8 18. Rfe1 Nc5 19. e5 Bxg2 20. Qxg2 dxe5 21. fxe5 Nd3 22. exf6 Qxg2+ 23. Kxg2 Nxb2 24. Re2 Nxc4 25. bxc4 Rxc4 26. Rd2 Rec8 27. Nde2 gxf6 28. Rd4 R8c6 29. a4 f5 30. Na2 Rc2 31. Rxc2 Rxc2 32. Nac3 b5 33. axb5 axb5 34. Kf3 b4 35. Nb1 b3 36. Rd2 Bh6 37. Rd8+ Kg7 1/2-1/2

[Event "Quebec op"]
[Site "Montreal CAN"]
[Date "1998.07.25"]
[Round "1"]
[White "Nogueiras, Jesus"]
[Black "Charbonneau, Pascal"]
[Result "1-0"]
[WhiteElo "2520"]
[BlackElo "2235"]
[PlyCount "51"]
[GameId "2160767911872425"]
[EventDate "1998.07.25"]
[EventType "swiss"]
[EventRounds "9"]
[EventCountry "CAN"]
[SourceTitle "EXT 1999"]
[Source "ChessBase"]
[SourceDate "1998.11.10"]
[SourceVersion "1"]
[SourceVersionDate "1998.11.10"]
[SourceQuality "1"]

1. Nf3 c5 2. c4 Nf6 3. Nc3 e6 4. e3 d5 5. cxd5 exd5 6. d4 Nc6 7. Be2 Bd6 8. dxc5 Bxc5 9. O-O O-O 10. b3 Be6 11. Bb2 a6 12. Na4 Bd6 13. Nd4 Ne5 14. f4 Nc6 15. Nxc6 bxc6 16. Rc1 Qe7 17. Qd4 Rfe8 18. Bd3 Qf8 19. Rf3 Be7 20. Rxc6 Bd7 21. Rc7 Rab8 22. Nb6 Bb5 23. Bxb5 axb5 24. Rg3 Nh5 25. Nd7 Nxg3 26. hxg3 1-0

[Event "Quebec op"]
[Site "Montreal CAN"]
[Date "1998.07.26"]
[Round "2"]
[White "Charbonneau, Pascal"]
[Black "Regnier, Alain"]
[Result "1-0"]
[WhiteElo "2192"]
[BlackElo "1977"]
[PlyCount "77"]
[GameId "2160767911872439"]
[EventDate "1998.07.25"]
[EventType "swiss"]
[EventRounds "9"]
[EventCountry "CAN"]
[SourceTitle "EXT 2022"]
[Source "ChessBase"]
[SourceDate "2021.10.06"]
[SourceVersion "1"]
[SourceVersionDate "2021.10.06"]
[SourceQuality "1"]

1. e4 e6 2. d4 d5 3. Nd2 Nf6 4. e5 Nfd7 5. f4 c5 6. c3 Nc6 7. Ndf3 Qb6 8. g3 cxd4 9. cxd4 Bb4+ 10. Kf2 g5 11. fxg5 Ncxe5 12. Nxe5 Nxe5 13. Be3 Nc4 14. Bxc4 dxc4 15. Nf3 Bd6 16. Qc2 Bd7 17. Nd2 Bb5 18. Ne4 Be7 19. Rad1 Qc6 20. Nc3 Rd8 21. Rhe1 O-O 22. Kg1 Ba6 23. d5 exd5 24. Qf5 Rd6 25. Nxd5 Bd8 26. Nf6+ Rxf6 27. gxf6 Qxf6 28. Qg4+ Qg6 29. Qxg6+ hxg6 30. Bc5 Bb6 31. Bxb6 axb6 32. Re7 b5 33. a3 Kg7 34. Rdd7 g5 35. Kf2 Kg6 36. g4 Rh8 37. Kg3 Rh7 38. Rd6+ Kg7 39. Re5 1-0

[Event "Quebec op"]
[Site "Montreal CAN"]
[Date "1998.07.26"]
[Round "3"]
[White "Gravel, Simon jr"]
[Black "Charbonneau, Pascal"]
[Result "1-0"]
[WhiteElo "1949"]
[BlackElo "2192"]
[PlyCount "71"]
[GameId "2160767911872480"]
[EventDate "1998.07.25"]
[EventType "swiss"]
[EventRounds "9"]
[EventCountry "CAN"]
[SourceTitle "EXT 2022"]
[Source "ChessBase"]
[SourceDate "2021.10.06"]
[SourceVersion "1"]
[SourceVersionDate "2021.10.06"]
[SourceQuality "1"]

1. d4 d5 2. c4 dxc4 3. e4 Nc6 4. Be3 e5 5. d5 Nce7 6. Bxc4 Nf6 7. Nc3 a6 8. Nge2 Ng6 9. O-O Bd6 10. a4 Qe7 11. a5 Ng4 12. Qd2 Nxe3 13. Qxe3 O-O 14. Nc1 Bc5 15. Qd2 Nf4 16. Nd3 Qg5 17. Nxf4 exf4 18. Ne2 Bh3 19. Nxf4 Bxg2 20. h4 Qxh4 21. Nxg2 Qxe4 22. Qf4 Qc2 23. b3 Bd6 24. Qg4 f5 25. Qe2 Qc3 26. Qe3 Qb4 27. Ra4 Qc5 28. Qxc5 Bxc5 29. d6+ Kh8 30. dxc7 Rac8 31. Bd5 Rxc7 32. Rc4 b5 33. axb6 Bxb6 34. Rxc7 Bxc7 35. Rc1 Be5 36. Rc6 1-0

[Event "Quebec op"]
[Site "Montreal CAN"]
[Date "1998.07.27"]
[Round "4"]
[White "Charbonneau, Pascal"]
[Black "Champetier, Serge"]
[Result "1-0"]
[WhiteElo "2192"]
[BlackElo "1979"]
[PlyCount "55"]
[GameId "2160767911872505"]
[EventDate "1998.07.25"]
[EventType "swiss"]
[EventRounds "9"]
[EventCountry "CAN"]

1. e4 c5 2. Nf3 Nc6 3. d4 cxd4 4. Nxd4 Nf6 5. Nc3 d6 6. Bg5 e6 7. Qd2 a6 8. O-O-O h6 9. Be3 Bd7 10. f3 b5 11. Bd3 Nxd4 12. Bxd4 Bc6 13. g4 d5 14. Bxf6 gxf6 15. exd5 exd5 16. Rhe1+ Be7 17. Qf4 Kf8 18. Kb1 Ra7 19. Ne2 Bd6 20. Qd2 h5 21. h3 Qc7 22. Nd4 Bg3 23. Re2 hxg4 24. hxg4 Bd7 25. Bf5 Qc4 26. b3 Qc5 27. Bxd7 Rxd7 28. Qe3 1-0

[Event "Quebec op"]
[Site "Montreal CAN"]
[Date "1998.07.28"]
[Round "5"]
[White "Bouchard, Jean-Marc"]
[Black "Charbonneau, Pascal"]
[Result "0-1"]
[WhiteElo "2030"]
[BlackElo "2192"]
[PlyCount "74"]
[GameId "2160767911872536"]
[EventDate "1998.07.25"]
[EventType "swiss"]
[EventRounds "9"]
[EventCountry "CAN"]

1. b3 d5 2. Bb2 Nf6 3. e3 c5 4. Nf3 Bg4 5. h3 Bh5 6. g4 Bg6 7. d4 Nc6 8. Nc3 e6 9. Bb5 cxd4 10. Qxd4 Nd7 11. Bxc6 bxc6 12. O-O-O Qf6 13. Qxf6 gxf6 14. Nh4 Bd6 15. Nxg6 hxg6 16. g5 Rh4 17. gxf6 Be5 18. Ne2 Bxb2+ 19. Kxb2 Nxf6 20. Rd4 Rxd4 21. exd4 Ke7 22. Rg1 Rh8 23. Rg3 Ne4 24. Rf3 Ng5 25. Rc3 Kd6 26. Rc5 Kc7 27. Nc3 Rxh3 28. b4 Nf3 29. Ne2 Nd2 30. Nc3 Nc4+ 31. Kb3 Nd6 32. Ka4 Nb7 33. Nb5+ Kb6 34. c4 dxc4 35. Na3 Nxc5+ 36. dxc5+ Kc7 37. Nxc4 Rf3 0-1

[Event "Quebec op"]
[Site "Montreal CAN"]
[Date "1998.07.30"]
[Round "6"]
[White "Charbonneau, Pascal"]
[Black "Gladu, Pierre"]
[Result "1-0"]
[WhiteElo "2235"]
[BlackElo "2240"]
[PlyCount "65"]
[GameId "2160767911872587"]
[EventDate "1998.07.25"]
[EventType "swiss"]
[EventRounds "9"]
[EventCountry "CAN"]
[SourceTitle "EXT 1999"]
[Source "ChessBase"]
[SourceDate "1998.11.10"]
[SourceVersion "1"]
[SourceVersionDate "1998.11.10"]
[SourceQuality "1"]

1. e4 c5 2. Nf3 d6 3. d4 cxd4 4. Nxd4 Nf6 5. Nc3 a6 6. Bg5 e6 7. f4 Qb6 8. Nb3 Qe3+ 9. Qe2 Qxe2+ 10. Bxe2 Nbd7 11. O-O Be7 12. Rad1 O-O 13. Na5 h6 14. Bh4 Re8 15. Bf3 e5 16. f5 b5 17. Bf2 Bd8 18. Nc6 Bc7 19. Nb4 Bb7 20. g4 Rac8 21. h4 Ba5 22. a3 Bxb4 23. axb4 Rc4 24. Rxd6 Re7 25. Rfd1 Bc8 26. g5 hxg5 27. hxg5 Nh7 28. Be2 Rxc3 29. bxc3 Nxg5 30. Bh4 f6 31. Bxg5 fxg5 32. f6 gxf6 33. Bg4 1-0

[Event "Quebec op"]
[Site "Montreal CAN"]
[Date "1998.07.31"]
[Round "7"]
[White "Hebert, Jean"]
[Black "Charbonneau, Pascal"]
[Result "0-1"]
[WhiteElo "2455"]
[BlackElo "2235"]
[PlyCount "97"]
[GameId "2160767911872624"]
[EventDate "1998.07.25"]
[EventType "swiss"]
[EventRounds "9"]
[EventCountry "CAN"]
[SourceTitle "EXT 1999"]
[Source "ChessBase"]
[SourceDate "1998.11.10"]
[SourceVersion "1"]
[SourceVersionDate "1998.11.10"]
[SourceQuality "1"]

1. c4 c5 2. Nf3 Nf6 3. Nc3 e6 4. d4 cxd4 5. Nxd4 Nc6 6. g3 Bb4 7. Bg2 O-O 8. O-O Bxc3 9. bxc3 d5 10. cxd5 exd5 11. Bg5 Be6 12. Rb1 Na5 13. Qa4 b6 14. Rfd1 h6 15. Bf4 Rc8 16. Rbc1 Qe7 17. Qb4 Qd7 18. Be5 Rc4 19. Qb1 Ng4 20. Bf4 Qe7 21. h3 Nf6 22. Nb3 Nb7 23. Be5 Ne4 24. f3 Bxh3 25. Bxh3 Qxe5 26. fxe4 Qxg3+ 27. Bg2 dxe4 28. Rd4 Qe3+ 29. Kh1 Rxd4 30. Nxd4 Re8 31. Nf5 Qg5 32. Rf1 Re5 33. Bxe4 Nc5 34. Bg2 Rxe2 35. Bf3 Re5 36. Bg2 g6 37. Nd4 Qe3 38. Bf3 Qxc3 39. Nc6 Re3 40. Qd1 Nd3 41. Kh2 Qc4 42. Bg2 Qh4+ 43. Kg1 Qg3 44. Qb3 Nf4 45. Ne7+ Kh8 46. Nxg6+ fxg6 47. Qb2+ Kh7 48. Rxf4 Qxf4 49. Qd2 0-1